<?xml version="1.0" encoding="UTF-8"?>
<record
    xmlns:xsi="http://www.w3.org/2001/XMLSchema-instance"
    xsi:schemaLocation="http://www.loc.gov/MARC21/slim http://www.loc.gov/standards/marcxml/schema/MARC21slim.xsd"
    xmlns="http://www.loc.gov/MARC21/slim">

  <leader>00601nam a22002537a 4500</leader>
  <controlfield tag="003">UA-OsUOA</controlfield>
  <controlfield tag="001"> 28532 </controlfield>
  <controlfield tag="007">ta</controlfield>
  <controlfield tag="008">20050405b un ||||| |||| 00| 0 ukr d</controlfield>
  <datafield tag="100" ind1=" " ind2=" ">
    <subfield code="a">&#x421;&#x442;&#x435;&#x43F;&#x430;&#x43D;&#x43E;&#x432;&#x430; &#x41E;. &#x404;.</subfield>
  </datafield>
  <datafield tag="090" ind1=" " ind2=" ">
    <subfield code="a">069(100)</subfield>
    <subfield code="b">&#x421;79</subfield>
  </datafield>
  <datafield tag="942" ind1=" " ind2=" ">
    <subfield code="c">BK</subfield>
  </datafield>
  <datafield tag="040" ind1=" " ind2=" ">
    <subfield code="a">UA-OsUOA</subfield>
    <subfield code="b">ukr</subfield>
    <subfield code="c">UA-OsUOA</subfield>
    <subfield code="d">UA-OsUOA</subfield>
  </datafield>
  <datafield tag="245" ind1=" " ind2=" ">
    <subfield code="a">&#x412; &#x43C;&#x443;&#x437;&#x435;&#x44F;&#x445; &#x441;&#x432;&#x456;&#x442;&#x443;</subfield>
  </datafield>
  <datafield tag="300" ind1=" " ind2=" ">
    <subfield code="a">72 &#x441;.</subfield>
    <subfield code="b">&#x406;&#x43B;&#x44E;&#x441;&#x442;&#x440;&#x430;&#x446;&#x456;&#x457;</subfield>
  </datafield>
  <datafield tag="955" ind1=" " ind2=" ">
    <subfield code="a">0</subfield>
  </datafield>
  <datafield tag="041" ind1=" " ind2=" ">
    <subfield code="a">ukr</subfield>
  </datafield>
  <datafield tag="080" ind1=" " ind2=" ">
    <subfield code="a">069(100)</subfield>
  </datafield>
  <datafield tag="020" ind1=" " ind2=" ">
    <subfield code="a">966-96256-2-9</subfield>
  </datafield>
  <datafield tag="260" ind1=" " ind2=" ">
    <subfield code="a">&#x41A;.</subfield>
    <subfield code="b">&#x410;&#x440;&#x442;&#x430;&#x43D;&#x456;&#x44F; &#x41D;&#x43E;&#x432;&#x430;</subfield>
    <subfield code="c">2004</subfield>
  </datafield>
  <datafield tag="044" ind1=" " ind2=" ">
    <subfield code="a">UA</subfield>
  </datafield>
  <datafield tag="650" ind1=" " ind2="7">
    <subfield code="2">UDC</subfield>
  </datafield>
  <datafield tag="999" ind1=" " ind2=" ">
    <subfield code="c">314901</subfield>
    <subfield code="d">314901</subfield>
  </datafield>
  <datafield tag="952" ind1=" " ind2=" ">
    <subfield code="0">0</subfield>
    <subfield code="1">0</subfield>
    <subfield code="2">udc</subfield>
    <subfield code="4">0</subfield>
    <subfield code="7">0</subfield>
    <subfield code="a">102</subfield>
    <subfield code="b">102</subfield>
    <subfield code="d">2005-04-05</subfield>
    <subfield code="i">84152</subfield>
    <subfield code="l">0</subfield>
    <subfield code="o">069(100) &#x421;79</subfield>
    <subfield code="p">84152</subfield>
    <subfield code="r">2021-12-02 00:00:00</subfield>
    <subfield code="w">2005-04-05</subfield>
    <subfield code="y">BK</subfield>
  </datafield>
  <datafield tag="952" ind1=" " ind2=" ">
    <subfield code="0">0</subfield>
    <subfield code="1">0</subfield>
    <subfield code="2">udc</subfield>
    <subfield code="4">0</subfield>
    <subfield code="7">0</subfield>
    <subfield code="a">102</subfield>
    <subfield code="b">102</subfield>
    <subfield code="d">2005-04-05</subfield>
    <subfield code="i">84153</subfield>
    <subfield code="l">0</subfield>
    <subfield code="o">069(100) &#x421;79</subfield>
    <subfield code="p">84153</subfield>
    <subfield code="r">2021-12-02 00:00:00</subfield>
    <subfield code="w">2005-04-05</subfield>
    <subfield code="y">BK</subfield>
  </datafield>
  <datafield tag="952" ind1=" " ind2=" ">
    <subfield code="0">0</subfield>
    <subfield code="1">0</subfield>
    <subfield code="2">udc</subfield>
    <subfield code="4">0</subfield>
    <subfield code="7">0</subfield>
    <subfield code="a">102</subfield>
    <subfield code="b">102</subfield>
    <subfield code="d">2005-04-05</subfield>
    <subfield code="i">84154</subfield>
    <subfield code="l">0</subfield>
    <subfield code="o">069(100) &#x421;79</subfield>
    <subfield code="p">84154</subfield>
    <subfield code="r">2021-12-02 00:00:00</subfield>
    <subfield code="w">2005-04-05</subfield>
    <subfield code="y">BK</subfield>
  </datafield>
  <datafield tag="952" ind1=" " ind2=" ">
    <subfield code="0">0</subfield>
    <subfield code="1">0</subfield>
    <subfield code="2">udc</subfield>
    <subfield code="4">0</subfield>
    <subfield code="7">0</subfield>
    <subfield code="a">102</subfield>
    <subfield code="b">102</subfield>
    <subfield code="d">2005-04-05</subfield>
    <subfield code="i">84155</subfield>
    <subfield code="l">0</subfield>
    <subfield code="o">069(100) &#x421;79</subfield>
    <subfield code="p">84155</subfield>
    <subfield code="r">2022-02-09 00:00:00</subfield>
    <subfield code="w">2005-04-05</subfield>
    <subfield code="y">BK</subfield>
  </datafield>
  <datafield tag="952" ind1=" " ind2=" ">
    <subfield code="0">0</subfield>
    <subfield code="1">0</subfield>
    <subfield code="2">udc</subfield>
    <subfield code="4">0</subfield>
    <subfield code="7">0</subfield>
    <subfield code="a">102</subfield>
    <subfield code="b">102</subfield>
    <subfield code="d">2005-04-05</subfield>
    <subfield code="i">84156</subfield>
    <subfield code="l">0</subfield>
    <subfield code="o">069(100) &#x421;79</subfield>
    <subfield code="p">84156</subfield>
    <subfield code="r">2021-12-02 00:00:00</subfield>
    <subfield code="w">2005-04-05</subfield>
    <subfield code="y">BK</subfield>
  </datafield>
  <datafield tag="952" ind1=" " ind2=" ">
    <subfield code="0">0</subfield>
    <subfield code="1">0</subfield>
    <subfield code="2">udc</subfield>
    <subfield code="4">0</subfield>
    <subfield code="7">0</subfield>
    <subfield code="a">101</subfield>
    <subfield code="b">101</subfield>
    <subfield code="d">2005-04-08</subfield>
    <subfield code="i">84252</subfield>
    <subfield code="l">0</subfield>
    <subfield code="o">069(100) &#x421;79</subfield>
    <subfield code="p">84252</subfield>
    <subfield code="r">2021-10-25 00:00:00</subfield>
    <subfield code="w">2005-04-05</subfield>
    <subfield code="y">BK</subfield>
  </datafield>
  <datafield tag="952" ind1=" " ind2=" ">
    <subfield code="0">0</subfield>
    <subfield code="1">0</subfield>
    <subfield code="2">udc</subfield>
    <subfield code="4">0</subfield>
    <subfield code="7">0</subfield>
    <subfield code="a">101</subfield>
    <subfield code="b">101</subfield>
    <subfield code="d">2005-04-08</subfield>
    <subfield code="i">84253</subfield>
    <subfield code="l">0</subfield>
    <subfield code="o">069(100) &#x421;79</subfield>
    <subfield code="p">84253</subfield>
    <subfield code="r">2021-10-25 00:00:00</subfield>
    <subfield code="w">2005-04-05</subfield>
    <subfield code="y">BK</subfield>
  </datafield>
  <datafield tag="952" ind1=" " ind2=" ">
    <subfield code="0">0</subfield>
    <subfield code="1">0</subfield>
    <subfield code="2">udc</subfield>
    <subfield code="4">0</subfield>
    <subfield code="7">0</subfield>
    <subfield code="a">101</subfield>
    <subfield code="b">101</subfield>
    <subfield code="d">2005-04-08</subfield>
    <subfield code="i">84254</subfield>
    <subfield code="l">0</subfield>
    <subfield code="o">069(100) &#x421;79</subfield>
    <subfield code="p">84254</subfield>
    <subfield code="r">2021-10-25 00:00:00</subfield>
    <subfield code="w">2005-04-05</subfield>
    <subfield code="y">BK</subfield>
  </datafield>
  <datafield tag="952" ind1=" " ind2=" ">
    <subfield code="0">0</subfield>
    <subfield code="1">0</subfield>
    <subfield code="2">udc</subfield>
    <subfield code="4">0</subfield>
    <subfield code="7">0</subfield>
    <subfield code="a">101</subfield>
    <subfield code="b">101</subfield>
    <subfield code="d">2005-04-08</subfield>
    <subfield code="i">84255</subfield>
    <subfield code="l">0</subfield>
    <subfield code="o">069(100) &#x421;79</subfield>
    <subfield code="p">84255</subfield>
    <subfield code="r">2021-10-25 00:00:00</subfield>
    <subfield code="w">2005-04-05</subfield>
    <subfield code="y">BK</subfield>
  </datafield>
  <datafield tag="952" ind1=" " ind2=" ">
    <subfield code="0">0</subfield>
    <subfield code="1">0</subfield>
    <subfield code="2">udc</subfield>
    <subfield code="4">0</subfield>
    <subfield code="7">0</subfield>
    <subfield code="a">101</subfield>
    <subfield code="b">101</subfield>
    <subfield code="d">2005-04-08</subfield>
    <subfield code="i">84256</subfield>
    <subfield code="l">0</subfield>
    <subfield code="o">069(100) &#x421;79</subfield>
    <subfield code="p">84256</subfield>
    <subfield code="r">2021-10-25 00:00:00</subfield>
    <subfield code="w">2005-04-05</subfield>
    <subfield code="y">BK</subfield>
  </datafield>
</record>
